| 000 | 00000nas 2200000za 4500 |
| 001 | 9.501370 |
| 003 | CaOODSP |
| 005 | 20221107132954 |
| 007 | cr ||||||||||| |
| 008 | 150406c19949999quc x m|o||||f| |0fre|d |
| 040 | |aCaOODSP|bfre |
| 043 | |an-cn--- |
| 086 | 1 |aEn152-1F-PDF |
| 130 | 0 |aRapport scientifique et technique (Centre Saint-Laurent) |
| 245 | 10|aRapport scientifique et technique |h[ressource électronique] / |cCentre Saint-Laurent. |
| 260 | |aMontréal : |bCentre Saint-Laurent, |c[1994]- |
| 310 | |aIrrégulier |
| 362 | 0 |aRapport ST-1- |
| 500 | |aPublié aussi en anglais sous le titre : Scientific and technical report. |
| 710 | 2 |aCentre Saint-Laurent. |
| 775 | 08|tScientific and technical report |w(CaOODSP)9.504971 |
| 776 | 0#|tRapport scientifique et technique |w(CaOODSP)9.512953 |